| 000 | 00555nam a2200241Ia 4500 | ||
|---|---|---|---|
| 005 | 20250425161632.0 | ||
| 008 | 250425s9999 xx 000 0 und d | ||
| 020 | _a8423403939 | ||
| 041 | _aspa | ||
| 043 | _asp | ||
| 082 | _a658.42 | ||
| 100 | _aLOCK, DENNIS | ||
| 245 | 0 | _aTECNICAS MODERNAS DE ALTA DIRECCION | |
| 250 | _aS.E. | ||
| 260 | _aBILBAO | ||
| 260 |
_aEspaƱa _bEDICIONES DEUSTO S.A _c1978 |
||
| 300 | _a428 | ||
| 650 | _aDIRECCION | ||
| 650 | _aTECNICAS | ||
| 710 | _aEDICIONES DEUSTO S.A. | ||
| 942 | _c01 | ||
| 010 | _a24725 | ||
| 999 |
_c213025 _d213025 |
||